000 00611cam a22002171 4500
001 758983
005 20180201041002.0
008 700914s1968 ilu b 000 0 eng
010 _a 68016835
040 _aDLC
_cDLC
_dDLC
041 _aeng
043 _an-us---
080 _a301.4523
082 0 0 _a301.4523 RIN
100 1 _a19
101 _aSHP
245 1 0 _aChildren and poverty;
_cedited by Nona Y. Glazer and Carol F. Creedon.
504 _aIncludes bibliographies.
906 _a7
_bcbc
_corignew
_du
_encip
_f19
_gy-gencatlg
942 _2ddc
_cBK
999 _c41477
_d41477